000
00301nam a2200133Ia 4500
100
_a
Davies/W.g
942
_c
BK
654
_a
Speed Metal Forming
245
_a
Developments in High Speed Metal Forming
260
_b
Machinery
_a
London
_c
1970
082
_a
671.3
300
_a
284
546
_a
ENGLISH
999
_c
25672
_d
25672